عرض عادي
عرض مارك
- Citrix MetaFrame (Computer file)
مدخل عنوان موحد
001 - رقم الضبط
- حقل الضبط: 8798
003 - معرف رقم الضبط
- حقل الضبط: OSt
005 - تاريخ ووقت أخر عملية
- حقل الضبط: 20111220185615.0
008 - عناصر بيانات ثابتة الطول
- حقل تحكم ثابت الطول: 111220|||a|||||| | ||| d
040 ## - مصدر الفهرسة
- هيئة الفهرسة الأصلية: OSt
- وكالة الكتابة: OSt
130 ## - مدخل -- اسم مؤتمر
- العنوان الموحد: Citrix MetaFrame (Computer file)
- تفريع عام: Examinations.
670 ## - بيانات المصدر موجوده
- الاستشهاد بالمصدر: Work cat.: (OSt)3717: Mathers, Todd W. 8796, Citrix CCA :, c2006.
